| 000 | 02069cam a2200325 a 4500 | ||
|---|---|---|---|
| 001 | 79062 | ||
| 005 | 20230410105427.0 | ||
| 008 | 090902s2009 nyu 000 0 eng | ||
| 010 | _a 2009033257 | ||
| 035 | _a(OCoLC)ocn320186942 | ||
| 040 |
_aDLC _cDLC _dBUR _dUTW _dORX _dVP@ |
||
| 020 | _a9780307589927 | ||
| 020 | _a0307589927 | ||
| 029 | 1 |
_aAU@ _b000044625468 |
|
| 035 | _a(OCoLC)320186942 | ||
| 050 | 1 | 4 |
_aHB3722 _bP448h 2009 |
| 082 | 0 | 0 |
_a330.9/0511 _222 |
| 100 | 1 |
_aPerkins, John, _d1945- |
|
| 245 | 1 | 0 |
_aHoodwinked : _ban economic hit man reveals why the world financial markets imploded--and what we need to do to remake them / _cJohn Perkins. |
| 250 | _a1st ed. | ||
| 260 |
_aNew York : _bBroadway Books, _c2009. |
||
| 300 |
_ax, 243 p. ; _c22 cm. |
||
| 504 | _aIncludes bibliographical references (p. 221-231) and index. | ||
| 520 | _aJohn Perkins has seen economic meltdowns before--the banking industry collapse, the rising tide of unemployment, the shuttering of businesses are all too familiar symptoms of a far greater disease. As an economic hit man, he was involved in events once confined to the Third World, that have now sent the United States--and in fact the entire planet--spiraling toward disaster. Here, Perkins shows how we've been hoodwinked by the CEOs who run those few corporations that control the capital, land, and resources--and the politicians they manipulate. These corporate fat cats have sold us all on what he calls predatory capitalism, an exploitation of the many to benefit the already very wealthy. Their arrogance, gluttony, and mismanagement have brought us to the edge. But there is a way out. As Perkins makes clear, we can create a healthy economy that will encourage businesses to act responsibly, in the interests of their employees, their customers, the environment, and society at large.--From publisher description. | ||
| 650 | 0 | _aGlobal Financial Crisis, 2008-2009. | |
| 650 | 0 |
_aEconomic history _y21st century. |
|
| 650 | 0 |
_aFinance _xGovernment policy. |
|
| 942 |
_2lcc _cbk |
||
| 994 |
_aC0 _bDRFGD |
||
| 999 |
_c36465 _d36465 |
||